00801nam a2200229Ia 450000500170000000800410001702000150005808200170007310000240009024500480011425000190016230000420018149000640022365000390028765000430032665000260036926400530039533600270044833700330047533800280050804000350053620220317000543.0160601s1986 ck a g 000 0 spa  a958612010404a306.4 bR21c1 aRecasens, José de13aEl concepto de cultura cJosé de Recasens a1a. edición  a34 páginas bilustraciones c23 cm  aColección Cartillas de Desarrollo Culturalpserie cultura142LEMBaCultura xAspectos sociales 142LEMBaCultura xAspectos económicos 142LEMBaCivilización  aBogotá bInstituto Colombiano de Culturac1986 atextobtxt2rdacontent asin mediaciónbn2rdamedia avolumenbnc2rdacarrier aCO-BoRNBPbspaerdacCO-BoRNBP